000 00840cab a2200265 4500
001 WB3518-18
008 090401t1999 xxu||||| |||| 00| 0 eng d
035 _a(Sirsi) u93258
041 _aeng
245 _aModest gains all round
260 _c1999
350 _a0
490 _aEstates Gazette
_v(9918) 8 May 1999, 59(1)
520 _aPresents the results of some of the principal property companies, which indicate modest growth but no big yields. It appears the economic slowdown has not hit the property industry has hard as expected.
650 _aFORECASTS
650 _aNET ASSET VALUE
650 _aPROPERTY COMPANIES
650 _aPROPERTY SECTOR
650 _aRENTAL GROWTH
650 _aRESULTS
650 _aYIELDS
690 _aPROPERTY-PROPERTY FINANCE AND INVESTMENT
942 _n0
948 _c11/05/1999
999 _c59111
_d59111